000 00875nam a22002297a 4500
003 UA-OsUOA
001 29150
007 ta
008 20040930b un ||||| |||| 00| 0 ukr d
090 _a81-13-161.1
_bЛ59
942 _cBK
040 _aUA-OsUOA
_brus
_cUA-OsUOA
_dUA-OsUOA
245 _aЛингвистические и методологические проблемы преподавания русского языка как неродного. Текст и обучение языку.
_bСборник научных трудов
_cРед. А. М.Шахнарвич Н. В.Мощинская А. А.АмельчонокРец. Л. С.Крючкова
300 _a202 с.
955 _a0
041 _arus
080 _a81-13-161.1
260 _aМосква
_bАкадемия наук ССР
_c1991
044 _aRU
650 7 _2UDC
999 _c315531
_d315531